000 00334nam a2200145Ia 4500
005 20251222153620.0
008 251222s9999||||xx |||||||||||||| ||spa||
020 _a8470502190
082 _a265/C36
100 _a Catella, Alceste
245 0 _aLas Plegarias Eucarísticas
250 _a1ra .ed
264 _bEDICEP
942 _cLIB
999 _c31956
_d31956